000 00645nam a2200181 a 4500
001 000034715
005 20200930073847.0
008 111019s1957 cu 000 0 spa d
040 _aDO-SdBNP
_bspa
_cBNPHU
082 _a100
_bP615a
100 1 _aPiñera Llera, Humberto
_960172
245 1 0 _aApuntes de una filosofía /
_cHumberto Piñera Llera.
260 _aLa Habana :
_bEditorila Hercules,
_c1957.
300 _a271 p. ;
_c22 cm.
500 _aIncluye referencias bibliográficas y notas al pie de las páginas
590 _aPerteneció a la biblioteca personal de Juan Isidro Jimenes Grullón
910 _aValidado. Control de calidad MFF
999 _c34206
_d34206